| 000 | 02647cam a2200409 a 4500 | ||
|---|---|---|---|
| 001 | 15967922 | ||
| 003 | OSt | ||
| 005 | 20180117085956.0 | ||
| 008 | 091030s2010 enka b 001 0 eng | ||
| 010 | _a 2009046182 | ||
| 015 |
_aGBA990658 _2bnb |
||
| 015 |
_a015-37094 _2bnb |
||
| 016 | 7 |
_a015370943 _2Uk |
|
| 020 | _a9780230007789 (hardback) | ||
| 020 | _a0230007783 (hardback) | ||
| 020 | _a9780230007796 (pbk.) | ||
| 020 | _a0230007791 (pbk.) | ||
| 035 | _a(OCoLC)ocn469914817 | ||
| 040 |
_aDLC _cDLC _dYDX _dYDXCP _dIUL _dUKM _dUBY _dGBVCP _dDLC |
||
| 050 | 0 | 0 |
_aHT1521 _b.R23519 2010 |
| 082 | 0 | 0 |
_a305.8009/05 _222 |
| 245 | 0 | 0 |
_aRace and ethnicity in the 21st century / _cedited by Alice Bloch and John Solomos. |
| 260 |
_aHoundmills, Basingstoke, Hampshire : _aNew York, NY : _bPalgrave Macmillan, _c2010. |
||
| 300 |
_axiv, 242 p. : _bill. ; _c24 cm. |
||
| 504 | _aIncludes bibliographical references and index. | ||
| 505 | 0 | _aKey questions in the sociology of race and ethnicity / A.Bloch & J.Solomos -- Housing and neighbourhoods: A UK and European perspective / M.Harrison & D.Phillips -- New communities: Asylum seekers and dispersal / P.Hynes & R.Sales -- The continuing significance of "race": Racism, contentious antiracist politics and labour markets / S.Virdee -- Community cohesion and national security : rethinking policing and race / E.McLaughlin -- Health and Health Care / J.Nazroo -- Education / D.Gillborn & N.Rollock -- Media representations of diversity: The power of the mediated image / M.Georgiou -- Identity and Public Opinion / A.Heath, C. Rothon, & S. Ali -- Race and ethnicity in Britain: Into the 21st Century; A.Bloch & J.Solomos. | |
| 520 | _a"The 21st Century has seen important changes in the role of race and ethnicity. Exploring original research, empirical data and theory, this book examines major questions and issues around housing, employment, asylum, crime and health. Written by experts in the field, the text gives students of sociology useful insight into race and ethnicity today"--Provided by publisher. | ||
| 650 | 0 |
_aRace relations _xHistory _y21st century. |
|
| 650 | 0 |
_aEthnic relations _xHistory _y21st century. |
|
| 650 | 0 |
_aMulticulturalism _xHistory _y21st century. |
|
| 700 | 1 |
_aBloch, Alice, _d1964- |
|
| 700 | 1 | _aSolomos, John. | |
| 906 |
_a7 _bcbc _corignew _d1 _eecip _f20 _gy-gencatlg |
||
| 942 |
_2ddc _cBK |
||
| 999 |
_c14463 _d14463 |
||